Statistics for US States by Borders in 30 Seconds With a Disappearing Map

Click here to take the quiz!

General Stats

  • This quiz has been taken 7,189 times
  • The average score is 40 of 50

Answers on the Map

Answers color-coded by a green-red scale on the quiz's map according to % correct below.
 

Answer Stats

Bordering StatesState% Correct
Arizona, Colorado, Oklahoma, Texas, UtahNew Mexico
96%
Louisiana, Mississippi, Missouri, Oklahoma, Tennessee, TexasArkansas
95%
Montana, Nevada, Oregon, Utah, Washington, WyomingIdaho
95%
Arizona, California, Idaho, Oregon, UtahNevada
95%
Arkansas, Colorado, Kansas, Missouri, New Mexico, TexasOklahoma
95%
California, Idaho, Nevada, WashingtonOregon
95%
Arkansas, Louisiana, New Mexico, OklahomaTexas
94%
California, Colorado, Nevada, New Mexico, UtahArizona
93%
Colorado, Idaho, Montana, Nebraska, South Dakota, UtahWyoming
93%
Arizona, Nevada, OregonCalifornia
91%
Arkansas, Mississippi, TexasLouisiana
91%
Arizona, Colorado, Idaho, Nevada, New Mexico, WyomingUtah
90%
Florida, Georgia, Mississippi, TennesseeAlabama
88%
Arizona, Kansas, Nebraska, New Mexico, Oklahoma, Utah, WyomingColorado
88%
Alabama, Florida, North Carolina, South Carolina, TennesseeGeorgia
88%
Iowa, Minnesota, Montana, Nebraska, North Dakota, WyomingSouth Dakota
88%
Illinois, Indiana, Missouri, Ohio, Tennessee, Virginia, West VirginiaKentucky
87%
Arkansas, Illinois, Iowa, Kansas, Kentucky, Nebraska, Oklahoma, TennesseeMissouri
87%
Idaho, North Dakota, South Dakota, WyomingMontana
87%
Colorado, Iowa, Kansas, Missouri, South Dakota, WyomingNebraska
87%
Alabama, Arkansas, Georgia, Kentucky, Mississippi, Missouri, North Carolina, VirginiaTennessee
87%
Delaware, Maryland, New Jersey, New York, Ohio, West VirginiaPennsylvania
86%
Illinois, Minnesota, Missouri, Nebraska, South Dakota, WisconsinIowa
84%
Connecticut, Massachusetts, New Jersey, Pennsylvania, VermontNew York
84%
Connecticut, New Hampshire, New York, Rhode Island, VermontMassachusetts
81%
Indiana, Kentucky, Michigan, Pennsylvania, West VirginiaOhio
81%
Idaho, OregonWashington
81%
Alabama, GeorgiaFlorida
80%
Illinois, Kentucky, Michigan, OhioIndiana
80%
Massachusetts, New Hampshire, New YorkVermont
79%
Colorado, Missouri, Nebraska, OklahomaKansas
78%
Minnesota, Montana, South DakotaNorth Dakota
78%
Illinois, Iowa, Michigan, MinnesotaWisconsin
78%
Delaware, New York, PennsylvaniaNew Jersey
77%
Kentucky, Maryland, North Carolina, Tennessee, West VirginiaVirginia
77%
Massachusetts, New York, Rhode IslandConnecticut
76%
Indiana, Iowa, Kentucky, Missouri, WisconsinIllinois
76%
Georgia, South Carolina, Tennessee, VirginiaNorth Carolina
76%
Kentucky, Maryland, Ohio, Pennsylvania, VirginiaWest Virginia
76%
Iowa, North Dakota, South Dakota, WisconsinMinnesota
74%
Alaska
73%
Indiana, Ohio, WisconsinMichigan
73%
Maine, Massachusetts, VermontNew Hampshire
71%
Alabama, Arkansas, Louisiana, TennesseeMississippi
67%
Hawaii
65%
New HampshireMaine
65%
Delaware, Pennsylvania, Virginia, West VirginiaMaryland
62%
Georgia, North CarolinaSouth Carolina
55%
Maryland, New Jersey, PennsylvaniaDelaware
50%
Connecticut, MassachusettsRhode Island
43%

Score Distribution

Percentile by Number Answered

Percent of People with Each Score

Your Score History

You have not taken this quiz